000
00317nam a2200121Ia 4500
005
20251222141901.0
008
251222s9999||||xx |||||||||||||| ||spa||
082
_a
278.385/H41
100
_a
Heras, Julión
245
0
_a
Comienzos de las misiones de Ocopa (Perú):
264
_b
Convento de los Descalzos
942
_c
LIB
999
_c
8049
_d
8049